000 00446pab a2200157 454500
008 180718b1986 xxu||||| |||| 00| 0 eng d
100 _aShahi, M.A
245 _aThe balance of payments as a monetary phenomenon
_bSome empirical evidence from the Sudan, 1961-81
260 _c1986
300 _a81-102
362 _aDec.
650 _aBalance of payments - Sudan
700 _aE. Contogiannis
773 _aAsian Economic Review
909 _a4169
999 _c4169
_d4169